[Event "Sydney op"]
[Site "Parramatta"]
[Date "2010.04.11"]
[Round "9"]
[White "Ayvazyan, Armen"]
[Black "Lane, Gary William"]
[Result "0-1"]
[WhiteElo "2222"]
[BlackElo "2380"]
[PlyCount "68"]
[EventDate "2010.04.07"]
[EventType "swiss"]
[EventRounds "9"]
[EventCountry "AUS"]
[SourceTitle "CBM 135 Extra"]
[Source "ChessBase"]
[SourceDate "2010.05.04"]
[SourceVersion "1"]
[SourceVersionDate "2010.05.04"]
[SourceQuality "1"]

1. d4 d5 2. c4 c6 3. Nc3 Nf6 4. e3 e6 5. Bd2 Nbd7 6. Qc2 Bd6 7. c5 Bc7 8. f4 b6 9. b4 a5 10. b5 bxc5 11. bxc6 Nb8 12. Bb5 Qd6 13. Rc1 0-0 14. dxc5 Qxc5 15. Qd3 Qd6 16. Nce2 Ne4 17. Nf3 Na6 18. 0-0 f6 19. Rfd1 g5 20. Be1 Nac5 21. Qc2 Qe7 22. Bc3 Nxc3 23. Nxc3 gxf4 24. Nxd5 exd5 25. Qxc5 Qxc5 26. Rxc5 fxe3 27. Rcxd5 Be6 28. R5d3 Bxa2 29. Kf1 Rfe8 30. Ke2 Rab8 31. Nd4 Bf7 32. g4 a4 33. Rxe3 Rxe3+ 34. Kxe3 a3 0-1

[Event "Sydney op"]
[Site "Parramatta"]
[Date "2010.04.09"]
[Round "5"]
[White "Ayvazyan, Armen"]
[Black "Stojic, Svetozar"]
[Result "1-0"]
[WhiteElo "2222"]
[BlackElo "2013"]
[PlyCount "91"]
[EventDate "2010.04.07"]
[EventType "swiss"]
[EventRounds "9"]
[EventCountry "AUS"]
[SourceTitle "CBM 135 Extra"]
[Source "ChessBase"]
[SourceDate "2010.05.04"]
[SourceVersion "1"]
[SourceVersionDate "2010.05.04"]
[SourceQuality "1"]

1. Nf3 Nf6 2. c4 c5 3. Nc3 Nc6 4. d4 g6 5. d5 Na5 6. e4 d6 7. h3 Bg7 8. Bd3 0-0 9. 0-0 a6 10. Re1 e6 11. a4 exd5 12. cxd5 c4 13. Bf1 Nd7 14. Be3 Nc5 15. Nd2 b5 16. axb5 axb5 17. Nxb5 Bxb2 18. Ra2 c3 19. Bxc5 dxc5 20. Nc4 Nxc4 21. Rxa8 Nd2 22. Na7 Qa5 23. Rxc8 Qxa7 24. Rxf8+ Kxf8 25. e5 c4 26. Qc2 Qd4 27. e6 fxe6 28. dxe6 Ba3 29. Re3 Ke7 30. Qxc3 Qxc3 31. Rxc3 Bc5 32. Bxc4 Bxf2+ 33. Kh2 Nxc4 34. Rxc4 Kxe6 35. g4 h5 36. Re4+ Kd5 37. Re2 Bh4 38. Kg2 hxg4 39. hxg4 Bf6 40. Re8 g5 41. Kf3 Be5 42. Rd8+ Ke6 43. Ke4 Bf4 44. Ra8 Bd6 45. Ra6 Kd7 46. Rxd6+ 1-0

[Event "Sydney op"]
[Site "Parramatta"]
[Date "2010.04.09"]
[Round "6"]
[White "Ayvazyan, Armen"]
[Black "Xie, George Wendi"]
[Result "0-1"]
[WhiteElo "2222"]
[BlackElo "2470"]
[PlyCount "82"]
[EventDate "2010.04.07"]
[EventType "swiss"]
[EventRounds "9"]
[EventCountry "AUS"]
[SourceTitle "CBM 135 Extra"]
[Source "ChessBase"]
[SourceDate "2010.05.04"]
[SourceVersion "1"]
[SourceVersionDate "2010.05.04"]
[SourceQuality "1"]

1. Nf3 d5 2. d4 c6 3. c4 Nf6 4. Nc3 g6 5. Bf4 Bg7 6. e3 0-0 7. Rc1 a6 8. cxd5 cxd5 9. Bd3 Nc6 10. h3 e6 11. 0-0 Bd7 12. Na4 Ne4 13. Nc5 Nxc5 14. Rxc5 Re8 15. a3 Rc8 16. Qc2 f6 17. Qb3 Bf8 18. Rc3 b5 19. Rfc1 Qb6 20. Qd1 a5 21. Qb3 b4 22. a4 Na7 23. Rxc8 Rxc8 24. Rxc8 Nxc8 25. e4 dxe4 26. Bxe4 Nd6 27. Bd3 Qc6 28. Bxd6 Qc1+ 29. Kh2 Bxd6+ 30. g3 Kf7 31. Qc2 Qa1 32. b3 Qc3 33. Qxc3 bxc3 34. Ne1 Bc6 35. f3 e5 36. Bc4+ Ke7 37. dxe5 Bxe5 38. Kg2 Kd6 39. Kf2 g5 40. g4 Kc5 41. Ke2 Bxa4 0-1

[Event "Sydney op"]
[Site "Parramatta"]
[Date "2010.04.08"]
[Round "3"]
[White "Ayvazyan, Armen"]
[Black "Cheung, Benjamin"]
[Result "1-0"]
[WhiteElo "2222"]
[BlackElo "1946"]
[PlyCount "129"]
[EventDate "2010.04.07"]
[EventType "swiss"]
[EventRounds "9"]
[EventCountry "AUS"]
[SourceTitle "CBM 135 Extra"]
[Source "ChessBase"]
[SourceDate "2010.05.04"]
[SourceVersion "1"]
[SourceVersionDate "2010.05.04"]
[SourceQuality "1"]

1. Nf3 c5 2. c4 Nc6 3. Nc3 Nf6 4. d4 cxd4 5. Nxd4 g6 6. e4 d6 7. Be2 Bg7 8. Be3 Bd7 9. Nc2 0-0 10. 0-0 Rc8 11. Qd2 Ne5 12. b3 Bc6 13. f3 b6 14. Rfd1 h5 15. Rac1 Kh7 16. Nd4 Rh8 17. Ndb5 Qd7 18. a4 Ra8 19. h3 Qb7 20. Rc2 Ned7 21. Rb1 a6 22. Nd4 a5 23. Nd5 Rhe8 24. Bg5 Ng8 25. f4 Nc5 26. Bf3 Bxd4+ 27. Qxd4 e6 28. Nc3 e5 29. Qxd6 Re6 30. Qd2 Nxe4 31. Nxe4 Bxe4 32. Bxe4 Qxe4 33. Re1 Qf5 34. Rxe5 Rxe5 35. fxe5 Qxe5 36. Qe3 Qd6 37. Rd2 Qc6 38. Qf2 Kg7 39. Qd4+ Kf8 40. Qd6+ Qxd6 41. Rxd6 Rb8 42. Rd8+ Rxd8 43. Bxd8 Ne7 44. Bxb6 Nc6 45. Be3 Ke7 46. Bd2 Ke6 47. Bc3 Kf5 48. Kf2 Ke4 49. Ke2 g5 50. g3 f5 51. Bf6 Nd4+ 52. Bxd4 Kxd4 53. Kf3 Ke5 54. h4 gxh4 55. gxh4 f4 56. c5 Kd5 57. Kxf4 Kxc5 58. Kg5 Kb4 59. Kxh5 Kxb3 60. Kg6 Kxa4 61. h5 Kb3 62. h6 a4 63. h7 a3 64. h8Q Ka2 65. Qc3 1-0

[Event "Sydney op"]
[Site "Parramatta"]
[Date "2010.04.08"]
[Round "4"]
[White "Macak, Stefan"]
[Black "Ayvazyan, Armen"]
[Result "1-0"]
[WhiteElo "2470"]
[BlackElo "2222"]
[PlyCount "73"]
[EventDate "2010.04.07"]
[EventType "swiss"]
[EventRounds "9"]
[EventCountry "AUS"]
[SourceTitle "CBM 135 Extra"]
[Source "ChessBase"]
[SourceDate "2010.05.04"]
[SourceVersion "1"]
[SourceVersionDate "2010.05.04"]
[SourceQuality "1"]

1. e4 c5 2. Nf3 Nc6 3. d4 cxd4 4. Nxd4 Nf6 5. Nc3 d6 6. Bc4 e6 7. Be3 Be7 8. Qe2 a6 9. 0-0-0 Nxd4 10. Rxd4 b5 11. Bb3 Qc7 12. g4 Nd7 13. g5 Nc5 14. h4 0-0 15. h5 f5 16. exf5 Nxb3+ 17. axb3 Rxf5 18. Rhd1 d5 19. h6 g6 20. Qd2 b4 21. Na4 Bd7 22. Rf4 Raf8 23. Rxf5 Rxf5 24. Kb1 Bxa4 25. bxa4 Bd6 26. Qd4 a5 27. Qd3 Rf8 28. Rc1 Be5 29. Qa6 Re8 30. Bb6 Qc6 31. Qxa5 Ra8 32. Qxb4 Rxa4 33. Qe7 Bxb2 34. Bc5 Qa8 35. Kxb2 Ra2+ 36. Kb3 Qa4+ 37. Kc3 1-0

[Event "Sydney op"]
[Site "Parramatta"]
[Date "2010.04.07"]
[Round "1"]
[White "Ayvazyan, Armen"]
[Black "Tan, Kevin1111"]
[Result "1-0"]
[WhiteElo "2222"]
[BlackElo "1882"]
[PlyCount "49"]
[EventDate "2010.04.07"]
[EventType "swiss"]
[EventRounds "9"]
[EventCountry "AUS"]
[SourceTitle "CBM 135 Extra"]
[Source "ChessBase"]
[SourceDate "2010.05.04"]
[SourceVersion "1"]
[SourceVersionDate "2010.05.04"]
[SourceQuality "1"]

1. Nf3 g6 2. c4 Bg7 3. e4 c5 4. d4 Nc6 5. d5 Na5 6. Nc3 a6 7. Be2 d6 8. 0-0 Rb8 9. Bf4 Nf6 10. h3 b5 11. cxb5 axb5 12. Bxb5+ Bd7 13. Bxd7+ Qxd7 14. e5 Nh5 15. e6 fxe6 16. dxe6 Qxe6 17. Re1 Qd7 18. Bxd6 Rxb2 19. Rxe7+ Qxe7 20. Bxe7 Kxe7 21. Nd5+ Kf8 22. Qe1 Rb7 23. Qxa5 Bxa1 24. Qa8+ Kg7 25. Qxb7+ 1-0

[Event "Sydney op-A"]
[Site "Parramatta"]
[Date "2009.04.19"]
[Round "9"]
[White "Smirnov, Vladimir"]
[Black "Ayvazyan, Armen"]
[Result "1-0"]
[WhiteElo "2365"]
[BlackElo "2210"]
[PlyCount "97"]
[EventDate "2009.04.15"]
[EventType "swiss"]
[EventRounds "9"]
[EventCountry "AUS"]
[SourceTitle "CBM 129 Extra"]
[Source "ChessBase"]
[SourceDate "2009.05.05"]
[SourceVersion "2"]
[SourceVersionDate "2009.05.20"]
[SourceQuality "1"]

1. d4 Nf6 2. c4 e6 3. Nf3 c5 4. e3 d5 5. b3 cxd4 6. Nxd4 Bb4+ 7. Bd2 Bc5 8. Nf3 0-0 9. Be2 Nc6 10. 0-0 Qe7 11. Bc3 Rd8 12. Qc1 e5 13. cxd5 Nxd5 14. Bb2 Bg4 15. Nc3 Nf6 16. Rd1 e4 17. Nd2 Bxe2 18. Nxe2 Ne5 19. Bxe5 Qxe5 20. Qc3 Qe7 21. Nf1 Bd6 22. Rac1 h5 23. Qa5 g6 24. Qg5 Kh7 25. h3 Be5 26. Nfg3 Rxd1+ 27. Rxd1 Re8 28. Nf4 a6 29. Nge2 Qc7 30. g4 Bxf4 31. Nxf4 Qe5 32. Qxe5 Rxe5 33. gxh5 gxh5 34. Rd6 Kg7 35. Rb6 Re7 36. Kg2 h4 37. a4 Rd7 38. Kf1 Nh7 39. Ng2 Ng5 40. Nxh4 Nxh3 41. Kg2 Ng5 42. Nf5+ Kf8 43. Kg3 Ne6 44. b4 a5 45. Nd6 axb4 46. Nxb7 Rd1 47. Rxb4 Rg1+ 48. Kh2 Rg4 49. f3 1-0

[Event "Sydney op-A"]
[Site "Parramatta"]
[Date "2009.04.18"]
[Round "7"]
[White "Solomon, Stephen J"]
[Black "Ayvazyan, Armen"]
[Result "0-1"]
[WhiteElo "2455"]
[BlackElo "2210"]
[PlyCount "242"]
[EventDate "2009.04.15"]
[EventType "swiss"]
[EventRounds "9"]
[EventCountry "AUS"]
[SourceTitle "CBM 129 Extra"]
[Source "ChessBase"]
[SourceDate "2009.05.05"]
[SourceVersion "2"]
[SourceVersionDate "2009.05.20"]
[SourceQuality "1"]

1. d4 Nf6 2. c4 e6 3. Nf3 Bb4+ 4. Bd2 Qe7 5. g3 0-0 6. Bg2 Bxd2+ 7. Qxd2 d6 8. Nc3 Nbd7 9. 0-0 Nb6 10. b3 e5 11. e4 Re8 12. d5 a5 13. Rac1 Nbd7 14. a3 Nc5 15. Qc2 Bd7 16. Nd2 Na6 17. f4 Ng4 18. Rce1 Nc5 19. f5 f6 20. Bf3 Nh6 21. Bh5 Reb8 22. a4 Kf8 23. h4 Be8 24. Be2 Nf7 25. Kh2 Ra6 26. Rg1 Rb6 27. g4 g5 28. fxg6 hxg6 29. Ref1 Kg7 30. Rg3 Bd7 31. Kg2 Rh8 32. Rh1 g5 33. h5 Nh6 34. Nd1 Rf8 35. Ne3 Bc8 36. Rb1 Bd7 37. Rb2 Ra6 38. Nb1 b6 39. Nc3 Raa8 40. Rb1 Rf7 41. Rf1 Raf8 42. Kh3 Ra8 43. Rg2 Raf8 44. Rgf2 Ra8 45. Kg3 Raf8 46. Bd1 Ra8 47. Qe2 Raf8 48. Bc2 Ra8 49. Qd1 Raf8 50. Ne2 Ra8 51. Ng1 Raf8 52. Nh3 Bc8 53. Qd2 Bd7 54. Ng1 Ra8 55. Ne2 Raf8 56. Kh3 Ra8 57. Ng3 Rh8 58. Bd1 Na6 59. Nc2 Nc5 60. Qe3 Rhf8 61. Na3 Ra8 62. Nc2 Raf8 63. Ne1 Ra8 64. Ng2 Raf8 65. Rg1 Rh8 66. Rf5 Rhf8 67. Nf1 Bxf5 68. gxf5 Rh8 69. Nh4 Qd8 70. Ng6 Rh7 71. Kg3 Rf8 72. Rh1 Nf7 73. Bg4 Rh6 74. Nd2 Rfh8 75. Qf3 Qe8 76. Nb1 Qd7 77. Na3 Qd8 78. Nb5 Qd7 79. Na7 Re8 80. Ra1 Na6 81. Rh1 Ra8 82. Nb5 Nc5 83. Qe3 Re8 84. Kf2 Ra8 85. Ke2 Na6 86. Kd2 Nc5 87. Bd1 Qd8 88. Qf3 Qd7 89. Bc2 Re8 90. Nc3 Ra8 91. Nd1 Rh7 92. h6+ Rxh6 93. Rxh6 Nxh6 94. Qh5 Qf7 95. Ne3 Rh8 96. Nf1 Rh7 97. Ng3 Ng8 98. Qg4 Ne7 99. Bd1 Nxg6 100. fxg6 Qxg6 101. Kc3 Rh4 102. Nf5+ Kf7 103. Nxh4 gxh4 104. Qxh4 Qxe4 105. Bh5+ Ke7 106. Qg3 Qh7 107. Bg6 Qh6 108. Bc2 e4 109. Qg4 Qg5 110. Qc8 Qe5+ 111. Kd2 e3+ 112. Ke2 Qh2+ 113. Kxe3 Qxc2 114. Qg8 Qxb3+ 115. Kf2 Qxa4 116. Qg4 Qd7 117. Qg8 Qe8 118. Qg4 Kd8 119. Qg7 Kc8 120. Kf3 Qe4+ 121. Kg3 Qxc4 0-1

[Event "Sydney op-A"]
[Site "Parramatta"]
[Date "2009.04.15"]
[Round "1"]
[White "Jule, Sebastian"]
[Black "Ayvazyan, Armen"]
[Result "1/2-1/2"]
[WhiteElo "1847"]
[BlackElo "2210"]
[PlyCount "53"]
[EventDate "2009.04.15"]
[EventType "swiss"]
[EventRounds "9"]
[EventCountry "AUS"]
[SourceTitle "CBM 129 Extra"]
[Source "ChessBase"]
[SourceDate "2009.05.05"]
[SourceVersion "2"]
[SourceVersionDate "2009.05.20"]
[SourceQuality "1"]

1. d4 Nf6 2. c4 g6 3. Nc3 Bg7 4. e4 d6 5. f4 0-0 6. Nf3 c5 7. dxc5 Qa5 8. Bd3 Qxc5 9. Qe2 Bg4 10. Be3 Qh5 11. 0-0 Nc6 12. Qf2 Bxf3 13. gxf3 Nd7 14. Rac1 Nc5 15. Bb1 Rad8 16. Rfd1 b6 17. Kh1 Kh8 18. Rd5 e5 19. Rcd1 Ne6 20. Ne2 Bh6 21. Qg3 Na5 22. b3 Nb7 23. Bc1 Nc7 24. R5d3 Ne6 25. Rd5 Nc7 26. R5d3 Ne6 27. Rd5 1/2-1/2

[Event "Sydney op-A"]
[Site "Parramatta"]
[Date "2008.03.29"]
[Round "9"]
[White "Ayvazyan, Armen"]
[Black "Reprintsev, Alexander"]
[Result "1/2-1/2"]
[WhiteElo "2245"]
[BlackElo "2406"]
[PlyCount "33"]
[EventDate "2008.03.25"]
[EventType "swiss"]
[EventRounds "9"]
[EventCountry "AUS"]
[SourceTitle "EXT 2023"]
[Source "ChessBase"]
[SourceDate "2022.10.05"]
[SourceVersion "1"]
[SourceVersionDate "2022.10.05"]
[SourceQuality "1"]

1. c4 e6 2. g3 d5 3. Bg2 Nf6 4. Nf3 a6 5. d4 dxc4 6. 0-0 c5 7. dxc5 Qxd1 8. Rxd1 Bxc5 9. Ne5 Ra7 10. Nxc4 b5 11. Nd6+ Ke7 12. Nxc8+ Rxc8 13. Nc3 Nbd7 14. a4 b4 15. Ne4 Nxe4 16. Bxe4 Nf6 17. Bg5 1/2-1/2

[Event "Sydney op-A"]
[Site "Parramatta"]
[Date "2008.03.28"]
[Round "7"]
[White "Ayvazyan, Armen"]
[Black "Milligan, Helen"]
[Result "1-0"]
[WhiteElo "2245"]
[BlackElo "2008"]
[PlyCount "65"]
[EventDate "2008.03.25"]
[EventType "swiss"]
[EventRounds "9"]
[EventCountry "AUS"]
[SourceTitle "EXT 2023"]
[Source "ChessBase"]
[SourceDate "2022.10.05"]
[SourceVersion "1"]
[SourceVersionDate "2022.10.05"]
[SourceQuality "1"]

1. c4 Nf6 2. Nc3 e6 3. e4 d5 4. e5 d4 5. exf6 dxc3 6. bxc3 Qxf6 7. Nf3 e5 8. Bd3 Na6 9. 0-0 Bd6 10. Re1 0-0 11. Qc2 g6 12. Be4 Nc5 13. d4 exd4 14. cxd4 Nxe4 15. Qxe4 Bb4 16. Bd2 Bxd2 17. Nxd2 Bf5 18. Qf4 Qb6 19. g4 Bc2 20. Rac1 Ba4 21. Rb1 Qa5 22. Rxb7 g5 23. Re5 gxf4 24. Rxa5 Bd1 25. Kg2 Rae8 26. Rxc7 Re6 27. Rcxa7 Bxg4 28. Rg5+ Rg6 29. Rxg6+ hxg6 30. d5 Bf5 31. d6 Rd8 32. c5 g5 33. Kf3 1-0

[Event "Sydney op-A"]
[Site "Parramatta"]
[Date "2008.03.28"]
[Round "6"]
[White "Dick, David W"]
[Black "Ayvazyan, Armen"]
[Result "0-1"]
[WhiteElo "1953"]
[BlackElo "2245"]
[PlyCount "48"]
[EventDate "2008.03.25"]
[EventType "swiss"]
[EventRounds "9"]
[EventCountry "AUS"]
[SourceTitle "EXT 2023"]
[Source "ChessBase"]
[SourceDate "2022.10.05"]
[SourceVersion "1"]
[SourceVersionDate "2022.10.05"]
[SourceQuality "1"]

1. e4 c5 2. Nf3 Nc6 3. d4 cxd4 4. Nxd4 Nf6 5. Nc3 d6 6. Bc4 e6 7. Be3 Be7 8. 0-0 0-0 9. f4 d5 10. exd5 exd5 11. Be2 Re8 12. Kh1 Ba3 13. Bc1 Bc5 14. Nb3 Bb6 15. Bf3 d4 16. Na4 Ne4 17. Nxb6 axb6 18. Bxe4 Rxe4 19. f5 Qd5 20. Qf3 Ne5 21. Qg3 Rg4 22. Qh3 g6 23. c4 dxc3 24. bxc3 Bxf5 0-1

[Event "Sydney op-A"]
[Site "Parramatta"]
[Date "2008.03.27"]
[Round "5"]
[White "Ayvazyan, Armen"]
[Black "Daylo, Leo Jr"]
[Result "0-1"]
[WhiteElo "2245"]
[BlackElo "1969"]
[PlyCount "76"]
[EventDate "2008.03.25"]
[EventType "swiss"]
[EventRounds "9"]
[EventCountry "AUS"]
[SourceTitle "EXT 2023"]
[Source "ChessBase"]
[SourceDate "2022.10.05"]
[SourceVersion "1"]
[SourceVersionDate "2022.10.05"]
[SourceQuality "1"]

1. c4 e6 2. g3 Nf6 3. Bg2 d5 4. Nf3 c5 5. d4 Nc6 6. 0-0 Be7 7. cxd5 exd5 8. Nc3 0-0 9. Bg5 cxd4 10. Nxd4 h6 11. Be3 Re8 12. Nxc6 bxc6 13. Rc1 Bf8 14. Na4 Bd7 15. Bc5 Bxc5 16. Nxc5 Bg4 17. Re1 Qb6 18. Qd2 Rab8 19. b3 Nd7 20. Nxd7 Bxd7 21. e3 a5 22. Qd4 Qxd4 23. exd4 Rxe1+ 24. Rxe1 Kf8 25. f4 Rb4 26. Rd1 a4 27. bxa4 Rxa4 28. Rd2 Bf5 29. Kf2 Bb1 30. Ke3 Ra3+ 31. Ke2 Bxa2 32. Kd1 Bc4 33. Kc2 Ke7 34. Kb2 Rb3+ 35. Kc2 Kd6 36. Bf1 Ra3 37. Bxc4 dxc4 38. Kb2 c3+ 0-1

[Event "Sydney op"]
[Site "Parramatta"]
[Date "2007.04.13"]
[Round "6"]
[White "Selnes, Hamish"]
[Black "Ayvazyan, Armen"]
[Result "0-1"]
[WhiteElo "1977"]
[BlackElo "2241"]
[PlyCount "74"]
[EventDate "2007.04.10"]
[EventType "swiss"]
[EventRounds "9"]
[EventCountry "AUS"]
[SourceTitle "EXT 2023"]
[Source "ChessBase"]
[SourceDate "2022.10.05"]
[SourceVersion "1"]
[SourceVersionDate "2022.10.05"]
[SourceQuality "1"]

1. e4 c5 2. Nf3 Nc6 3. d4 cxd4 4. Nxd4 Nf6 5. Nc3 d6 6. Bg5 e6 7. Qd2 a6 8. 0-0-0 Bd7 9. f4 b5 10. f5 b4 11. fxe6 fxe6 12. Nxc6 Bxc6 13. e5 dxe5 14. Qxd8+ Rxd8 15. Rxd8+ Kxd8 16. Nd1 a5 17. Ne3 Bd6 18. Bc4 Ke7 19. Re1 h6 20. Bh4 g5 21. Bf2 Rc8 22. Be2 Bd5 23. h4 Bxa2 24. hxg5 hxg5 25. Ng4 Nxg4 26. Bxg4 Bd5 27. Rh1 Bc5 28. Rh7+ Kd6 29. Bxc5+ Rxc5 30. g3 Be4 31. Rh6 Rxc2+ 32. Kd1 Rxb2 33. Rxe6+ Kd5 34. Ra6 a4 35. Rxa4 Bc2+ 36. Kc1 Bxa4 37. Kxb2 Kd4 0-1

[Event "Sydney op"]
[Site "Parramatta"]
[Date "2007.04.12"]
[Round "5"]
[White "Ayvazyan, Armen"]
[Black "Mikhalevski, Victor"]
[Result "0-1"]
[WhiteElo "2241"]
[BlackElo "2590"]
[PlyCount "62"]
[EventDate "2007.04.10"]
[EventType "swiss"]
[EventRounds "9"]
[EventCountry "AUS"]
[SourceTitle "CBM 117 Extra"]
[Source "ChessBase"]
[SourceDate "2007.05.09"]
[SourceVersion "1"]
[SourceVersionDate "2007.05.09"]
[SourceQuality "1"]

1. c4 e5 2. Nc3 Nf6 3. Nf3 Nc6 4. e3 d6 5. d4 Bd7 6. Be2 g6 7. d5 Ne7 8. c5 Bg7 9. Qb3 0-0 10. Qxb7 Rb8 11. Qxa7 Nfxd5 12. Nxd5 Nxd5 13. 0-0 Nb4 14. cxd6 cxd6 15. Bd2 Nc6 16. Qa3 e4 17. Nd4 Nxd4 18. exd4 Bxd4 19. Qxd6 Be6 20. Bb4 Qf6 21. Rad1 Bxb2 22. Qe7 Qf5 23. Bd6 Rfe8 24. Qh4 Ra8 25. g4 Qa5 26. a3 Bxa3 27. Ra1 Qd2 28. Rxa3 Rxa3 29. Bxa3 Qxe2 30. h3 e3 31. Bb4 Bd5 0-1

[Event "Doeberl Cup 44th"]
[Site "Canberra"]
[Date "2006.04.15"]
[Round "4"]
[White "Ly, Moulthun"]
[Black "Ayvazyan, Armen"]
[Result "1-0"]
[WhiteElo "2188"]
[BlackElo "2265"]
[PlyCount "58"]
[EventDate "2006.04.14"]
[EventType "swiss"]
[EventRounds "7"]
[EventCountry "AUS"]
[SourceTitle "CBM 111 Extra"]
[Source "ChessBase"]
[SourceDate "2006.05.09"]
[SourceVersion "1"]
[SourceVersionDate "2006.05.09"]
[SourceQuality "1"]

1. e4 c5 2. Nf3 Nc6 3. Bb5 d6 4. d4 cxd4 5. Qxd4 Bd7 6. Bxc6 Bxc6 7. Nc3 Nf6 8. Bg5 e6 9. 0-0-0 Be7 10. Rhe1 0-0 11. Kb1 Qc7 12. Qd2 Rfc8 13. Nd4 b5 14. f3 b4 15. Nce2 a5 16. g4 Be8 17. Ng3 Qc5 18. h4 a4 19. Nh5 a3 20. Bxf6 Bxf6 21. Nxf6+ gxf6 22. b3 Ra5 23. g5 fxg5 24. Rg1 h6 25. hxg5 hxg5 26. Nf5 exf5 27. Rxg5+ Kf8 28. Rxf5 d5 29. Qh6+ Ke7 1-0